000 00294nam a2200121Ia 4500
100 _aShackelford/ James F.
942 _cBK
654 _aMaterials Science
245 _aIntrd. to Materials Science for Engineers
260 _bMacmillan pub
_aNew York
_c1988
546 _aENGLISH
999 _c21466
_d21466